01058 a2200181 4500003000500000005001700005040000900022082001200031100002600043245004900069260003300118300001000151505055000161650001300711942001200724999001900736952012100755Nust20230330114507.0 cNust a900,CHI aChild, Gordon9111589 aWhat Happened in History /cGordon Childe ,  aNew YorkbPenguin Bookc1943 a255:p aArch/Eology and History (Page-7), Pal/Eolithic Savagery (Page-24), Neolithic Barbarism (Page-43), The Higher Barbarism of the Copper Age (Page-61), The Urban Revolution in Mesopotamia (Page-79), Early Bronze age Civilization in Egypt and India (Page-100), The Expansion of Civilization (Page-115), The Culmination of Bronze age Civilization (Page-134), The Early Iron Age (Page-164), Government Religion and Science in the Iron age (Page-182), The Climax of Ancient Civilization (Page-205), The Decline and Fall of the Ancient World (Page-232).  a History 2ddccBK c186103d186103 00102ddc4070aMCSbMCScGENd2016-12-12o900,CHIpMCS29400r2016-12-08w2016-12-12yBKzAlmirah No.75, Shelf No.4